000 00958nam a2200265Ia 4500
003 CO-CtgCURN
005 20250408172023.0
007 ta
008 190723s2002 xx g 000 0 spa d
020 _a958616635X
040 _aCO-CtgCURN
_bspa
_ccoctgcurn
082 _a346.02
_bR893d
100 _aRozo Sordini, Paolo Emanuele
_91247
245 0 _aEl daño biológico /
_cPaolo Emanuele Rozo Sordini
260 _aBogotá, Colombia :
_bUniversidad Externado de Colombia,
_c2002
300 _a364 páginas ;
_c22 centímetros
504 _aIncluye referencias bibliográficas (p. 333-360)
521 _aAREA PROFESIONAL
590 _aPrograma de Derecho_18
650 _aDaños y perjuicios
_xAspectos jurídicos
_91248
650 _aResponsabilidad civil
_91249
942 _cBK
_h346.02
_iR893d
_2ddc
_n0
999 _c29026
_d29026